[Event "Kiel op 25th"]
[Site "Kiel"]
[Date "2012.07.29"]
[Round "3"]
[White "Hebbering, Tom Elliot"]
[Black "Schalla, Dieter"]
[Result "1/2-1/2"]
[WhiteElo "1929"]
[BlackElo "2113"]
[PlyCount "65"]
[EventDate "2012.07.28"]
[EventType "swiss"]
[EventRounds "9"]
[EventCountry "GER"]
[SourceTitle "EXT 2015"]
[Source "ChessBase"]
[SourceDate "2014.11.20"]
[SourceVersion "1"]
[SourceVersionDate "2014.11.20"]
[SourceQuality "1"]

1. d4 Nf6 2. c4 g6 3. g3 Bg7 4. Bg2 0-0 5. Nc3 d6 6. Nf3 c6 7. 0-0 Qc7 8. e4 e5 9. h3 Bd7 10. Be3 b6 11. Qc2 b5 12. c5 exd4 13. cxd6 Qxd6 14. e5 Qb4 15. exf6 Bxf6 16. Nxd4 Bxd4 17. Bxd4 Qxd4 18. Nxb5 Qb6 19. Nd6 Be6 20. b3 Bd5 21. Rfd1 Rd8 22. Nc4 Qc5 23. Bxd5 cxd5 24. Ne3 Qxc2 25. Nxc2 Nc6 26. Nd4 Rac8 27. Nxc6 Rxc6 28. Rd4 Rc2 29. Rad1 Rxa2 30. Rxd5 Rxd5 31. Rxd5 Ra3 32. Rd8+ Kg7 33. Rb8 1/2-1/2

[Event "Bayern-chI Bank Hofmann 14th"]
[Site "Bad Wiessee"]
[Date "2010.11.03"]
[Round "6"]
[White "Bach, Matthias"]
[Black "Schalla, Dieter"]
[Result "1-0"]
[WhiteElo "2276"]
[BlackElo "2090"]
[PlyCount "53"]
[EventDate "2010.10.30"]
[EventType "swiss"]
[EventRounds "9"]
[EventCountry "GER"]
[SourceTitle "EXT 2011"]
[Source "ChessBase"]
[SourceDate "2010.11.26"]
[SourceVersion "1"]
[SourceVersionDate "2010.11.26"]
[SourceQuality "1"]

1. b4 e5 2. Bb2 Nf6 3. b5 d6 4. e3 a6 5. a4 axb5 6. axb5 Rxa1 7. Bxa1 Be7 8. Nf3 0-0 9. Be2 c6 10. c4 Bf5 11. 0-0 Nbd7 12. Nc3 h6 13. Bb2 Qc7 14. d3 d5 15. cxd5 cxd5 16. Qa1 Bd6 17. Rc1 Qb8 18. Ba3 Rc8 19. h3 Nb6 20. Bb2 Nfd7 21. e4 dxe4 22. Nxe4 Rxc1+ 23. Bxc1 Be7 24. Bb2 f6 25. Qa2+ Kf8 26. Nh4 Bh7 27. Bh5 1-0

[Event "Bayern-chI Bank Hofmann 14th"]
[Site "Bad Wiessee"]
[Date "2010.10.31"]
[Round "3"]
[White "Schalla, Dieter"]
[Black "Bakhmatov, Eduard"]
[Result "0-1"]
[WhiteElo "2090"]
[BlackElo "2362"]
[PlyCount "88"]
[EventDate "2010.10.30"]
[EventType "swiss"]
[EventRounds "9"]
[EventCountry "GER"]
[SourceTitle "EXT 2011"]
[Source "ChessBase"]
[SourceDate "2010.11.26"]
[SourceVersion "1"]
[SourceVersionDate "2010.11.26"]
[SourceQuality "1"]

1. c4 Nf6 2. Nc3 g6 3. e4 d6 4. d4 Bg7 5. h3 0-0 6. Bg5 c5 7. d5 Qa5 8. Bd2 a6 9. Bd3 Qc7 10. Nf3 Nbd7 11. 0-0 Ne8 12. Kh2 Ne5 13. Nxe5 dxe5 14. Be3 Nd6 15. Na4 f5 16. f3 fxe4 17. fxe4 Rxf1 18. Qxf1 b6 19. b4 Nf5 20. Bf2 Nd4 21. bxc5 bxc5 22. Rb1 Bd7 23. Nb6 Rf8 24. Nxd7 Qxd7 25. Qg1 Qa4 26. Rb2 Bh6 27. Bxd4 exd4 28. Qb1 Qa5 29. Qd1 Qc7+ 30. g3 Be3 31. Kg2 Kg7 32. Qa4 Qe5 33. Qd7 Qf6 34. Qg4 h5 35. Qd1 Kh8 36. Qe2 Qe5 37. Qd1 Rf6 38. Rc2 Rb6 39. Qf1 Kg7 40. Qd1 a5 41. Re2 h4 42. gxh4 Qh5 43. Qe1 a4 44. Kh2 Qf3 0-1

[Event "Vienna op 16th"]
[Site "Vienna"]
[Date "2009.08.18"]
[Round "4"]
[White "Schalla, Dieter"]
[Black "Jeitz, Christian"]
[Result "0-1"]
[WhiteElo "2092"]
[BlackElo "2221"]
[PlyCount "66"]
[EventDate "2009.08.15"]
[EventType "swiss"]
[EventRounds "9"]
[EventCountry "AUT"]
[SourceTitle "CBM 131 Extra"]
[Source "ChessBase"]
[SourceDate "2009.09.03"]
[SourceVersion "2"]
[SourceVersionDate "2009.09.16"]
[SourceQuality "1"]

1. c4 Nf6 2. Nc3 d5 3. cxd5 Nxd5 4. g3 g6 5. Bg2 Nb6 6. b3 Bg7 7. Bb2 0-0 8. Nf3 Nc6 9. 0-0 e5 10. d3 Nd4 11. Nd2 Rb8 12. Rc1 Be6 13. h3 f5 14. Nc4 Nd5 15. e3 Nc6 16. Nxd5 Bxd5 17. Qe2 Bxg2 18. Kxg2 Qd7 19. f4 exf4 20. Bxg7 Kxg7 21. gxf4 Rbe8 22. Qb2+ Kg8 23. d4 Re4 24. Rfd1 Qe7 25. Qc3 Nb4 26. Ne5 Nd5 27. Qc4 c6 28. Rd3 Kg7 29. Re1 Nxf4+ 30. exf4 Rxe1 31. d5 Qh4 32. Qd4 Re2+ 33. Kf1 Qe1# 0-1

[Event "Vienna op 16th"]
[Site "Vienna"]
[Date "2009.08.15"]
[Round "1"]
[White "Shoker, Samy"]
[Black "Schalla, Dieter"]
[Result "1-0"]
[WhiteElo "2448"]
[BlackElo "2092"]
[PlyCount "73"]
[EventDate "2009.08.15"]
[EventType "swiss"]
[EventRounds "9"]
[EventCountry "AUT"]
[SourceTitle "CBM 131 Extra"]
[Source "ChessBase"]
[SourceDate "2009.09.03"]
[SourceVersion "2"]
[SourceVersionDate "2009.09.16"]
[SourceQuality "1"]

1. g3 g6 2. Bg2 Bg7 3. c4 d6 4. Nc3 e5 5. Nf3 Nc6 6. 0-0 f5 7. d3 Nf6 8. Rb1 0-0 9. b4 a6 10. a4 Nd4 11. Nxd4 exd4 12. Na2 Ra7 13. Bb2 c5 14. Ba3 Qc7 15. Qd2 Re8 16. Rb2 Bd7 17. bxc5 dxc5 18. Rfb1 Bxa4 19. Rxb7 Rxb7 20. Rxb7 Qe5 21. Bf3 Bf8 22. Nc1 Re6 23. Ra7 Bc6 24. Bxc6 Rxc6 25. Qa5 Qd6 26. Ra8 Nd7 27. Nb3 Kf7 28. Qa4 Qe6 29. Ra7 Kg8 30. Na5 Rd6 31. Rc7 Nb6 32. Qb3 Rd7 33. Rc6 Qxe2 34. Qxb6 Qxd3 35. Bxc5 Qe2 36. Re6 d3 37. Rxe2 1-0

[Event "Cesky Krumlov op 2nd"]
[Site "Cesky Krumlov"]
[Date "2008.10.16"]
[Round "7"]
[White "Vaclavik, Vaclav"]
[Black "Schalla, Dieter"]
[Result "0-1"]
[WhiteElo "1969"]
[BlackElo "2117"]
[PlyCount "54"]
[EventDate "2008.10.11"]
[EventType "swiss"]
[EventRounds "9"]
[EventCountry "CZE"]
[SourceTitle "CBM 126 Extra"]
[Source "ChessBase"]
[SourceDate "2008.11.05"]
[SourceVersion "1"]
[SourceVersionDate "2008.11.05"]
[SourceQuality "1"]

1. e4 g6 2. d4 Bg7 3. f4 d5 4. e5 h5 5. Nf3 Bg4 6. Bd3 e6 7. 0-0 Nh6 8. c3 Nd7 9. h3 Bxf3 10. Qxf3 Nf5 11. Be3 Bf8 12. b4 a5 13. bxa5 Rxa5 14. Nd2 Qa8 15. Bb1 Ra3 16. Bf2 Qa5 17. Bxf5 gxf5 18. Nb3 Qa6 19. Nc1 Nb6 20. Qe2 Rxc3 21. Qb2 Na4 22. Qd2 Qc4 23. Rb1 b6 24. Rd1 Ba3 25. Be1 Rg8 26. Qe2 Bxc1 27. Qxc4 Be3+ 0-1

[Event "Cesky Krumlov op 2nd"]
[Site "Cesky Krumlov"]
[Date "2008.10.12"]
[Round "3"]
[White "Maliszewski, Jaroslaw"]
[Black "Schalla, Dieter"]
[Result "1-0"]
[WhiteElo "1908"]
[BlackElo "2117"]
[PlyCount "41"]
[EventDate "2008.10.11"]
[EventType "swiss"]
[EventRounds "9"]
[EventCountry "CZE"]
[SourceTitle "CBM 126 Extra"]
[Source "ChessBase"]
[SourceDate "2008.11.05"]
[SourceVersion "1"]
[SourceVersionDate "2008.11.05"]
[SourceQuality "1"]

1. c4 g6 2. d4 Bg7 3. e4 d6 4. Bg5 c5 5. Be3 cxd4 6. Bxd4 Nf6 7. Nf3 Nc6 8. Bc3 Qb6 9. Bd3 Bg4 10. Nbd2 0-0 11. h3 Bd7 12. 0-0 Nh5 13. Bxg7 Kxg7 14. b3 Nf4 15. Bc2 Qc5 16. Kh2 Rac8 17. Rc1 Nb4 18. e5 Nbd3 19. Ne4 Qc6 20. Bxd3 Bf5 21. Nd4 1-0

[Event "Olomouc op"]
[Site "Olomouc"]
[Date "2008.08.02"]
[Round "3"]
[White "Molnar, Jiri"]
[Black "Schalla, Dieter"]
[Result "0-1"]
[WhiteElo "1904"]
[BlackElo "2128"]
[PlyCount "63"]
[EventDate "2008.07.31"]
[EventType "swiss"]
[EventRounds "9"]
[EventCountry "CZE"]
[SourceTitle "CBM 125 Extra"]
[Source "ChessBase"]
[SourceDate "2008.09.01"]
[SourceVersion "1"]
[SourceVersionDate "2008.09.01"]
[SourceQuality "1"]

1. e4 g6 2. f4 c5 3. Nc3 Nc6 4. Nf3 Bg7 5. Bc4 e6 6. 0-0 a6 7. a3 Nge7 8. Qe1 0-0 9. Kh1 d5 10. Ba2 Nd4 11. Bb1 dxe4 12. Nxd4 cxd4 13. Nxe4 Bd7 14. Qh4 Nf5 15. Qxd8 Rfxd8 16. d3 Bc6 17. Re1 Rac8 18. Ba2 Bd5 19. Bb1 Rc7 20. Ng3 Rdc8 21. Nxf5 exf5 22. Kg1 Bb3 23. cxb3 Rxc1 24. Ba2 R1c2 25. b4 Rxb2 26. Bb1 Rc3 27. Rd1 Bh6 28. Re1 Bxf4 29. Rf1 Be3+ 30. Kh1 Rcb3 31. h4 Rd2 32. Ra2 0-1

[Event "Berlin Herbst op"]
[Site "Berlin"]
[Date "2007.10.21"]
[Round "8"]
[White "Hoppensack, Manfred"]
[Black "Schalla, Dieter"]
[Result "1/2-1/2"]
[WhiteElo "2062"]
[BlackElo "2154"]
[PlyCount "51"]
[EventDate "2007.10.14"]
[EventType "swiss"]
[EventRounds "9"]
[EventCountry "GER"]
[SourceTitle "EXT 2008"]
[Source "ChessBase"]
[SourceDate "2007.11.25"]
[SourceVersion "1"]
[SourceVersionDate "2007.11.25"]
[SourceQuality "1"]

1. e4 g6 2. d4 c6 3. Nf3 d5 4. Nbd2 Bg7 5. c3 dxe4 6. Nxe4 Nd7 7. Qb3 Qb6 8. Bc4 Qxb3 9. Bxb3 Ngf6 10. Nxf6+ Nxf6 11. 0-0 0-0 12. Re1 e6 13. Ne5 Nd7 14. Nc4 c5 15. dxc5 Nxc5 16. Bc2 b6 17. Nd6 Ba6 18. Bg5 f6 19. Be3 Nd3 20. Bxd3 Bxd3 21. Rad1 Ba6 22. f3 Rfd8 23. Ne4 Kf7 24. f4 Ke7 25. Nf2 Bf8 26. Ne4 1/2-1/2

[Event "Berlin Herbst op"]
[Site "Berlin"]
[Date "2007.10.18"]
[Round "5"]
[White "Schalla, Dieter"]
[Black "Spiess, Gregor"]
[Result "0-1"]
[WhiteElo "2154"]
[BlackElo "2075"]
[PlyCount "72"]
[EventDate "2007.10.14"]
[EventType "swiss"]
[EventRounds "9"]
[EventCountry "GER"]
[SourceTitle "EXT 2008"]
[Source "ChessBase"]
[SourceDate "2007.11.25"]
[SourceVersion "1"]
[SourceVersionDate "2007.11.25"]
[SourceQuality "1"]

1. c4 Nf6 2. Nc3 g6 3. e4 d6 4. d4 Bg7 5. Be2 0-0 6. Bg5 Nbd7 7. Qd2 c5 8. d5 a6 9. Nf3 Rb8 10. Qc2 Qa5 11. Bd2 Ng4 12. 0-0 Qc7 13. Ng5 Nh6 14. Qc1 Kh8 15. Ne6 fxe6 16. Bxh6 e5 17. Bxg7+ Kxg7 18. f4 exf4 19. Rxf4 Rxf4 20. Qxf4 Ne5 21. Rf1 Bd7 22. Nd1 Qd8 23. Ne3 Qe8 24. b3 b5 25. Qg5 Kh8 26. h4 a5 27. cxb5 Bxb5 28. Bxb5 Rxb5 29. Ng4 Nxg4 30. Qxg4 Rb4 31. Qe6 Kg7 32. Re1 Qf7 33. Qd7 Qf6 34. Rf1 Qd4+ 35. Rf2 Qxe4 36. g3 Rd4 0-1

[Event "Berlin Herbst op"]
[Site "Berlin"]
[Date "2007.10.17"]
[Round "4"]
[White "Rehder, Frank"]
[Black "Schalla, Dieter"]
[Result "0-1"]
[WhiteElo "1947"]
[BlackElo "2154"]
[PlyCount "70"]
[EventDate "2007.10.14"]
[EventType "swiss"]
[EventRounds "9"]
[EventCountry "GER"]
[SourceTitle "EXT 2008"]
[Source "ChessBase"]
[SourceDate "2007.11.25"]
[SourceVersion "1"]
[SourceVersionDate "2007.11.25"]
[SourceQuality "1"]

1. d4 g6 2. c4 Bg7 3. Nc3 d6 4. e4 Nd7 5. Be2 e5 6. Nf3 Ne7 7. 0-0 0-0 8. d5 f5 9. exf5 gxf5 10. Ne1 Ng6 11. f4 Qe7 12. Nd3 Nf6 13. fxe5 dxe5 14. Be3 b6 15. Kh1 f4 16. Bg1 Bf5 17. Qd2 Rad8 18. Rae1 Rfe8 19. a3 Bh6 20. Qd1 Qg7 21. g4 Bc8 22. Nf2 e4 23. c5 bxc5 24. h3 e3 25. Nd3 Nxd5 26. Qb3 Be6 27. Nxc5 Bf7 28. Bc4 c6 29. N3e4 Ne5 30. g5 Bxg5 31. Nxg5 Qxg5 32. Re2 Qf5 33. Bxe3 Nxc4 34. Bxf4 Rxe2 35. Rg1+ Bg6 0-1

[Event "Kiel op-A 19th"]
[Site "Kiel"]
[Date "2006.07.27"]
[Round "8"]
[White "Schalla, Dieter"]
[Black "Keuchen, Michael"]
[Result "1-0"]
[WhiteElo "2102"]
[BlackElo "1993"]
[PlyCount "73"]
[EventDate "2006.07.22"]
[EventType "swiss"]
[EventRounds "9"]
[EventCountry "GER"]
[SourceTitle "CBM 113 Extra"]
[Source "ChessBase"]
[SourceDate "2006.09.14"]
[SourceVersion "1"]
[SourceVersionDate "2006.09.14"]
[SourceQuality "1"]

1. c4 e6 2. Nf3 d5 3. g3 Bd6 4. Bg2 Nf6 5. 0-0 Qe7 6. d3 0-0 7. Bg5 h6 8. Bd2 c6 9. Nc3 Nbd7 10. Re1 e5 11. cxd5 Nxd5 12. e4 Nxc3 13. bxc3 Nb6 14. a4 Be6 15. a5 Nd7 16. d4 b6 17. Nh4 Bc4 18. Nf5 Qf6 19. f4 exd4 20. cxd4 Bc7 21. Qc2 b5 22. e5 Qe6 23. Bxc6 Rac8 24. d5 Bxd5 25. Bxd5 Bb6+ 26. axb6 Qxb6+ 27. Be3 Rxc2 28. Bxb6 Nxb6 29. Be4 Rc7 30. Nd6 b4 31. Reb1 Nc4 32. Rxb4 Nxd6 33. exd6 Rd7 34. Ra6 Rfd8 35. Bf5 Rxd6 36. Rxd6 Rxd6 37. Rb8+ 1-0